| 000 | 00979cam a2200289 i 4500 | ||
|---|---|---|---|
| 001 | 2029 | ||
| 003 | Mx-PuUPA | ||
| 005 | 20260126151509.0 | ||
| 008 | 140415s1966 mx a gr 000 0 spa d | ||
| 040 |
_aMx-PuUPA _bspa _cMx-PuUPA _dMx-PuUPA _erda |
||
| 041 | 0 | _aspa | |
| 100 | 1 |
_aLópez Beltrán, Lauro, _eautor _9336 |
|
| 245 | 1 | 3 |
_aLa protohistoria guadalupana / _cPbro. Lauro López Beltrán |
| 250 |
_aPrimera edición / _bmarzo |
||
| 264 | 1 |
_aMéxico, D. F. : _bEditorial JUS, _c1966 |
|
| 300 |
_a285 páginas : _bilustraciones ; _c24 cm |
||
| 336 |
_2rdacontent _atexto _btxt |
||
| 337 |
_2rdamedia _asin medio _bn |
||
| 338 |
_2rdacarrier _avolumen _bnc |
||
| 490 | 0 |
_aMéxico Heroico ; _v52 |
|
| 600 | 0 | 4 |
_aNuestra Señora de Guadalupe _xApariciones y milagros |
| 600 | 0 | 4 |
_aVirgen María _xApariciones y milagros |
| 600 | 0 | 4 |
_aVirgen de Guadalupe _xCulto _zMéxico |
| 942 |
_2ddc _cLI _h232.917 _iL865 |
||
| 999 |
_c2029 _d2029 |
||